Managing fiction in libraries
| Other Authors: | |
|---|---|
| Format: | Book |
| Published: |
London :
Clive Bingley ,
1991
|
| Subjects: |
MARC
| LEADER | 00000cam a2200000 7i4500 | ||
|---|---|---|---|
| 001 | 0000004564 | ||
| 002 | 000004921 | ||
| 005 | 20000330.0 | ||
| 020 | |a 085157470X | ||
| 090 | 0 | 0 | |a 025.28 |b MAN |
| 245 | 1 | 0 | |a Managing fiction in libraries |c edited by Margaret Kinnell |
| 260 | |a London : |b Clive Bingley , |c 1991 | ||
| 300 | |a 203p. ; |c 22cm. | ||
| 650 | 0 | 0 | |a Libraries |x Special collections |
| 700 | 1 | |a Kinnell, Margaret | |
| 999 | |a 034648 |b BUKU |c RUJUKAN |e PERPUSTAKAAN KOMUNITI PETALING JAYA | ||